Befejeződött a bőrgyógyászok tudományos ülése
Elmentve itt :
| Dokumentumtípus: | Cikk |
|---|---|
| Megjelent: |
1972-04-23
|
| Sorozat: | Délmagyarország
62 No. 95 |
| Kulcsszavak: | Ippen Hellmut, Gorbovitsky S. E., Simon Miklós, Pastinszky István, Tudományos ülés Szeged 1972, Bőrgyógyászat Szeged 1972, egészségügyi tanácskozások, továbbképzések |
| Online Access: | http://dmarchiv.bibl.u-szeged.hu/64586 |
| LEADER | 00589nab a2200145 i 4500 | ||
|---|---|---|---|
| 001 | delm64586 | ||
| 005 | 20180927151240.0 | ||
| 008 | 180927s1972 hu o 0|| hun d | ||
| 040 | |a SZTE Délmagyarország Archívum |b hun | ||
| 041 | |a hun | ||
| 245 | 0 | 0 | |a Befejeződött a bőrgyógyászok tudományos ülése |h [elektronikus dokumentum] |
| 260 | |c 1972-04-23 | ||
| 300 | |a 5 | ||
| 490 | 0 | |a Délmagyarország |v 62 No. 95 | |
| 695 | |a Ippen Hellmut, Gorbovitsky S. E., Simon Miklós, Pastinszky István, Tudományos ülés Szeged 1972, Bőrgyógyászat Szeged 1972, egészségügyi tanácskozások, továbbképzések | ||